Welcome to CU Library Online Public Access Catalogue (OPAC)

The politics of adoption / (Record no. 9310)

MARC details
000 -LEADER
fixed length control field 00576pam a2200217 i 4500
001 - CONTROL NUMBER
control field 2706467
005 - DATE AND TIME OF LATEST TRANSACTION
control field 20260420174029.0
008 - FIXED-LENGTH DATA ELEMENTS--GENERAL INFORMATION
fixed length control field 760519r1976 nyu b 001 0 eng
020 ## - INTERNATIONAL STANDARD BOOK NUMBER
International Standard Book Number 0029025001
020 ## - INTERNATIONAL STANDARD BOOK NUMBER
International Standard Book Number 9780029025000
050 00 - LIBRARY OF CONGRESS CALL NUMBER
Classification number HV875
Item number .B46 1976
082 00 - DEWEY DECIMAL CLASSIFICATION NUMBER
Classification number 362.7/34
100 1# - MAIN ENTRY--PERSONAL NAME
Personal name Benet, Mary Kathleen.
245 14 - TITLE STATEMENT
Title The politics of adoption /
Statement of responsibility, etc. Mary Kathleen Benet.
250 ## - EDITION STATEMENT
Edition statement 1st American ed.
260 ## - PUBLICATION, DISTRIBUTION, ETC.
Place of publication, distribution, etc. New York :
Name of publisher, distributor, etc. The Free Press,
Date of publication, distribution, etc. c1976.
300 ## - PHYSICAL DESCRIPTION
Extent 235 p. ;
Dimensions 22 cm.
500 ## - GENERAL NOTE
General note Includes index.
650 #0 - SUBJECT ADDED ENTRY--TOPICAL TERM
Topical term or geographic name entry element Adoption.
942 ## - ADDED ENTRY ELEMENTS (KOHA)
Source of classification or shelving scheme Library of Congress Classification
Koha item type Books
Suppress in OPAC No
999 ## -
-- 9310
-- 9310
Holdings
Withdrawn status Lost status Source of classification or shelving scheme Damaged status Not for loan Collection Home library Current library Shelving location Date acquired Total checkouts Full call number Barcode Date last seen Copy number Price effective from Koha item type
    Library of Congress Classification     Non-fiction Business Library (Miotso) Business Library (Miotso) General stacks 04/20/2026   HV875 .B46 1976 BSSM00003304 04/20/2026 1 04/20/2026 Books
© 2023-2024 Copyright: Central University Libraries. All Rights Reserved | Created by: Mahone Tech Office